Statistieken voor Belgische WK Voetbal Selecties 1930-2022

Klik hier om de quiz te nemen!

Algemene statistieken

  • Deze quiz is 46 keer genomen
  • De gemiddelde score is 75 van 309

Antwoordstatistieken

#HintAntwoord% Correct
7KDBKevin De Bruyne
95%
1TCThibaut Courtois
92%
9RLRomelu Lukaku
90%
10EHEden Hazard
87%
5JVJan Vertonghen
85%
16THThorgan Hazard
82%
2TAToby Alderweireld
77%
11YCYannick Carrasco
74%
6AWAxel Witsel
72%
8MFMarouane Fellaini
72%
8 | 17YTYouri Tielemans
69%
13KCKoen Casteels
67%
4VKVincent Kompany
67%
12SMSimon Mignolet
64%
8WVMWilfried Van Moer
62%
1JMPJean-Marie Pfaff
59%
25JDJérémy Doku
59%
15TMThomas Meunier
59%
3TVThomas Vermaelen
59%
22CDKCharles De Ketelaere
56%
17DODivock Origi
56%
14DMDries Mertens
56%
14MMMaurice Mertens
56%
15DVBDaniel Van Buyten
54%
16DVBDaniel van Buyten
54%
17LTLeandro Trossard
51%
1MPMichel Preud'homme
51%
4WFWout Faes
51%
20HVHans Vanaken
49%
21TCTimothy Castagne
49%
18AOAmadou Onana
46%
7 | 18 | 21MWMarc Wilmots
46%
26ZDZeno Debast
46%
3ATArthur Theate
44%
11JCJan Ceulemans
44%
15LVdELeo Van der Elst
44%
8 | 10 | 14ESEnzo Scifo
41%
13FVdEFrançois Van der Elst
41%
3 | 6 | 7 | 8FVdEFranky Van der Elst
41%
21 | 23MBMichy Batshuayi
41%
24LOLoïs Openda
38%
8 | 10LNLuc Nilis
38%
22NCNacer Chadli
38%
18 | 20AJAdnan Januzaj
36%
11KMKevin Mirallas
36%
19 | 23LDLeander Dendoncker
36%
19MDMousa Dembélé
36%
6TSTimmy Simons
33%
CSCharles Simons
31%
11 | 18GVGert Verheyen
31%
17JVJan Verheyen
31%
17RVRené Verheyen
31%
16SDSteven Defour
31%
9WSWesley Sonck
31%
2EGEric Gerets
28%
1GDVGeert De Vlieger
28%
20DBDedryck Boyata
26%
1 | 12 | 20FDWFilip De Wilde
26%
18NLNicolas Lombaerts
26%
21AVBAnthony Vanden Borre
23%
3 | 6 | 18LSLorenzo Staelens
23%
9MDMarc Degryse
23%
18YVYves Vanderhaeghe
23%
20APAlfons Peeters
21%
20EMÉmile Mpenza
21%
21FJFrans Janssens
21%
15JPJacky Peeters
21%
9 | 22MMMbo Mpenza
21%
10PVHPaul Van Himst
21%
12PVWPhilippe Vande Walle
21%
13GGGeorges Grün
18%
23LCLaurent Ciman
18%
8BGBart Goor
15%
4 | 19EVMEric Van Meir
15%
6FVFranky Vercauteren
15%
12 | 20GBGilbert Bodart
15%
3 | 4PAPhilippe Albert
15%
7RVRené Vandereycken
15%
13 | 20DVDany Verlinden
13%
9EVErwin Vandenbergh
13%
9HCHenri Coppens
13%
17JWJosip Weber
13%
4LCLei Clijsters
13%
14LCLeo Clijsters
13%
10LCLudo Coeck
13%
5 | 11NVKNico Van Kerckhoven
13%
12PVdHPeter Van der Heyden
13%
15PCPhilippe Clement
13%
7 | 21SDStéphane Demol
13%
21SVDHStephan Van Der Heyden
13%
ADWAlfons De Winter
10%
2BCBertrand Crasson
10%
18DVDaniel Veyt
10%
6 | 15MEMarc Emmers
10%
10PDPhilippe Desmet
10%
18RLRaoul Lambert
10%
13SBSammy Bossut
10%
20BSBranko Strupar
8%
5BVBruno Versavel
8%
1CPChristian Piot
8%
16 | 21DBDanny Boffin
8%
2 | 22EDÉric Deflandre
8%
17GEGaëtan Englebert
8%
3 | 16GDBGlen De Boeck
8%
20GVGuy Vandersmissen
8%
15HVDBHippolyte Van Den Bosch
8%
12 | 22JMJacky Munaron
8%
JCJean Claessens
8%
JDBJean De Bie
8%
18JVDLJef Van Der Linden
8%
10JWJohan Walem
8%
3LMLuc Millecamps
8%
8LOLuís Oliveira
8%
2MDMarcel Dries
8%
19MMMarc Millecamps
8%
19MVDLMarc Van Der Linden
8%
4 | 14 | 16MDWMichel De Wolf
8%
5MRMichel Renquin
8%
14 | 16NCNico Claesen
8%
16PVDBPieter Van Den Bosch
8%
17 | 18RMRaymond Mommens
8%
20RMRobert Maertens
8%
5RSRudi Smidts
8%
12TCTheo Custers
8%
4WMWalter Meeuws
8%
11WPWilfried Puis
8%
11 | 21ACAlexandre Czerniatynski
5%
AHAugust Hellemans
5%
BVBernard Voorhoof
5%
19BTBernd Thijs
5%
ESÉmile Stijnen
5%
FDFrançois Devries
5%
4GVGordan Vidović
5%
19HBHugo Broos
5%
15JFDSJean-François De Sart
5%
11JMJoseph Mermans
5%
14MBMarc Baecke
5%
16OPOdilon Polleunis
5%
22PVPatrick Vervoort
5%
PHPaul Henry
5%
14RVKRobert Van Kerkhoven
5%
14SVSven Vermant
5%
6VMVictor Mees
5%
3 | 5VBVital Borkelmans
5%
AHAlbert Heremans
3%
ACAlexis Chantraine
3%
3AVBAlfons Van Brandt
3%
ASAndré Saeys
3%
ABArnold Badjou
3%
ACArthur Ceuleers
3%
12CGCharles Geerts
3%
CVWCharles Vanden Wouwer
3%
4CHConstant Huysmans
3%
CJConstant Joacim
3%
CSCorneel Seys
3%
8DHDenis Houf
3%
DBDésiré Bourgeois
3%
2DMDirk Medved
3%
15EVErwin Vandendaele
3%
FWFélix Welkenhuysen
3%
FAFerdinand Adams
3%
FBFernand Buyle
3%
13FVFranky Vandendriessche
3%
FGFrans Gommers
3%
FPFrans Peeraer
3%
23FHFrédéric Herpoel
3%
2GHGeorges Heylens
3%
GDGérard Delbeke
3%
16GPGerard Plessers
3%
HIHendrik Isemborghs
3%
HDDHenri De Deken
3%
13HDHenri Dirickx
3%
13JBJacques Beurlet
3%
22JDJacques Duquesne
3%
JMJacques Moeschal
3%
JDJan Diddens
3%
JBJean Brichaut
3%
JCJean Capelle
3%
JDCJean De Clercq
3%
6JDJean Dockx
3%
JFJean Fievez
3%
12JMTJean-Marie Trappeniers
3%
JPJean Petit
3%
3JTJean Thissen
3%
21JVSJean Van Steen
3%
19JBJo Backaert
3%
9JDJohan Devrindt
3%
JVAJohn Van Alphen
3%
7JDJos Daerden
3%
JNJoseph Nelis
3%
JVIJoseph Van Ingelgem
3%
7JVJozef Vliers
3%
JPJules Pappaert
3%
LGLaurent Grimmonprez
3%
5LJLéon Jeck
3%
7LSLéon Semmeling
3%
10LALéopold Anoul
3%
1LGLéopold Gernaey
3%
5LCLouis Carré
3%
LVLouis Versyp
3%
22LVHLuc Van Hoyweghen
3%
15MDSMaurits De Schrijver
3%
17MVMike Verstraeten
3%
NHNic Hoydonckx
3%
4NDNicolas Dewalque
3%
17PPPascal Plovie
3%
22PRPascal Renier
3%
PSPhilibert Smellinckx
3%
PBPierre Braine
3%
19PCPierre Carteus
3%
PDPierre Dalem
3%
17RARaymond Ausloos
3%
RBRaymond Braine
3%
RLRené Ledent
3%
RBRobert Braet
3%
RLRobert Lamoot
3%
RPRobert Paverick
3%
TNTheodore Nouwens
3%
VPVictor Putmans
3%
AVAndré Vandewyer
0%

Scoreverdeling

Percentiel versus Aantal Correcte Antwoorden

Procent van Mensen met Elke Score

Uw Scoregeschiedenis

U heeft deze quiz nog niet genomen